[Event "×ÐÊ ñðåäè ìóæ÷èí"]
[Site "?"]
[Date "2014.05.07"]
[Round "5"]
[White "Jumabayev, Rinat"]
[Black "Egorov, Evgeny"]
[Result "1-0"]
[WhiteElo "2561"]
[BlackElo "2357"]
[PlyCount "81"]

1. c4 Nc6 2. g3 e5 3. Bg2 h5 4. Nf3 Bc5 5. Nc3 d6 6. e3 Bg4 7. h3 Bxf3 8. Bxf3
Qd7 9. a3 Nf6 10. b4 Bb6 11. Bg2 h4 12. g4 O-O 13. g5 Nh7 14. Qh5 Qf5 15. Be4
g6 16. Bxf5 gxh5 17. Ne4 Ne7 18. Bxh7+ Kxh7 19. c5 dxc5 20. bxc5 Ba5 21. Nf6+
Kg6 22. Nd7 Kxg5 23. Nxf8 Rxf8 24. Ke2 Rd8 25. Rb1 Rd5 26. e4 Rxc5 27. d4+ Rxc1
28. Rhxc1 Nc6 29. dxe5 Bb6 30. Rxb6 cxb6 31. Ke3 b5 32. Rc5 a6 33. e6+ Kf6 34.
exf7 Kxf7 35. Rxh5 Na5 36. Kd4 Nc4 37. Rh7+ Ke8 38. a4 Nd6 39. axb5 Nxb5+ 40.
Ke5 b6 41. Rb7 1-0

[Event "×ÐÊ ñðåäè ìóæ÷èí"]
[Site "?"]
[Date "2014.05.07"]
[Round "5"]
[White "Kozganbay, Erkin"]
[Black "Makhnyov, Denis"]
[Result "1/2-1/2"]
[WhiteElo "2362"]
[BlackElo "2187"]
[Annotator ",immortal223"]
[PlyCount "100"]

1. e4 Nf6 2. e5 Nd5 3. d4 d6 4. c4 Nb6 5. exd6 exd6 6. Nf3 Nc6 7. Be2 Be7 8.
O-O O-O 9. h3 Bf5 10. Nc3 Bg6 11. b3 Bf6 12. Be3 d5 13. c5 Nc8 14. a3 N8e7 15.
g4 h6 16. h4 Qd7 17. Ne1 Bxh4 18. Ng2 Bf6 19. f4 Be4 20. g5 Bxg2 21. gxf6 Nf5
22. Bf2 Bxf1 23. Bxf1 gxf6 24. Bh3 Nce7 25. Kh2 c6 26. Qh5 Qc7 27. Rg1+ Ng7 28.
Qxh6 Ng6 29. Kh1 f5 30. Bh4 Qxf4 31. Rxg6 Qxh6 32. Rxh6 Rfe8 33. Bf2 Re6 34.
Rh4 Rae8 35. Kg2 Re3 36. Bxe3 Rxe3 37. Nd1 Rxb3 38. Kf2 Rxa3 39. Ne3 b6 40.
cxb6 axb6 41. Bxf5 Nxf5 42. Nxf5 c5 43. Ne7+ Kg7 44. Rg4+ Kf8 45. Nxd5 Ra4 46.
Nxb6 Rxd4 47. Rg5 Rd6 48. Nc4 Rg6 49. Rxc5 Kg7 50. Kf3 Rf6+ {
Åù, áûëî ñäåëàíî 50 õîäîâ..  è âñ,-òàêè ñîãëàñèëèñü íà íè~~üo^.} 1/2-1/2

[Event "×ÐÊ ñðåäè ìóæ÷èí"]
[Site "?"]
[Date "2014.05.08"]
[Round "6"]
[White "Akhmetov, Ayan"]
[Black "Kazhgaleyev, Murtas"]
[Result "0-1"]
[WhiteElo "2386"]
[BlackElo "2570"]
[PlyCount "130"]

1. e4 c5 2. Nf3 e6 3. d4 cxd4 4. Nxd4 a6 5. c4 Nf6 6. Nc3 Qc7 7. f3 Bb4 8. Bd2
Nc6 9. Nxc6 dxc6 10. Be3 O-O 11. Qc2 b5 12. g3 e5 13. Be2 Qe7 14. a3 Bd6 15.
O-O Be6 16. Kg2 Nd7 17. Rfd1 Rac8 18. Qd2 Bc5 19. Bxc5 Nxc5 20. Qe3 bxc4 21.
Rab1 Rfd8 22. Na2 Nb3 23. Qc3 c5 24. Nc1 Nxc1 25. Rxd8+ Rxd8 26. Rxc1 Rd4 27.
Rc2 h6 28. Qe3 Qd7 29. g4 Qb5 30. Kf2 Qa4 31. Rc3 Kh7 32. h3 Qd7 33. Rc2 Qd8
34. Kg3 g6 35. h4 Kg7 36. g5 hxg5 37. hxg5 Qh8 38. Qg1 Qh3+ 39. Kf2 Qh4+ 40.
Qg3 Qf4 41. Qxf4 exf4 42. Ke1 f6 43. gxf6+ Kxf6 44. Bf1 g5 45. Rh2 g4 46. Rh6+
Ke5 47. Rh5+ Kd6 48. Bg2 Rd3 49. e5+ Kd5 50. fxg4+ f3 51. Bf1 Rb3 52. Rh2 Kxe5
53. Rc2 Kf4 54. Kf2 c3 55. bxc3 Rxa3 56. g5 Bf5 57. Rd2 a5 58. Bb5 Rxc3 59. Bc6
Bg6 60. Ra2 Bh5 61. Ra4+ c4 62. Bd5 Rc2+ 63. Kf1 Kg3 64. Rxc4 Rxc4 65. Bxc4 f2
0-1

[Event "×ÐÊ ñðåäè ìóæ÷èí"]
[Site "?"]
[Date "2014.05.08"]
[Round "6"]
[White "Khusnutdinov, Rustam"]
[Black "Jumabayev, Rinat"]
[Result "1/2-1/2"]
[WhiteElo "2495"]
[BlackElo "2561"]
[PlyCount "95"]

1. e4 e5 2. Nf3 Nc6 3. Nc3 Nf6 4. Be2 Be7 5. d4 d6 6. h3 O-O 7. O-O Re8 8. Re1
h6 9. Bc4 a6 10. a4 Bf8 11. Be3 Nxe4 12. Nxe4 d5 13. Bd3 dxe4 14. Bxe4 exd4 15.
Bxd4 Nxd4 16. Nxd4 c6 17. c3 Bd7 18. Qb3 Qc7 19. Re3 c5 20. Nf3 Rab8 21. Bd5
Bc6 22. Rae1 Bxd5 23. Qxd5 Rbd8 24. Qc4 Rxe3 25. Rxe3 g6 26. Rd3 Re8 27. Kf1
Qc6 28. Re3 b5 29. axb5 axb5 30. Qf4 Rxe3 31. Qxe3 Qd5 32. Nd2 Qa2 33. b3 Qc2
34. Ke2 Bg7 35. Qe8+ Kh7 36. Qxf7 Qxc3 37. f3 Qd4 38. Ne4 c4 39. bxc4 bxc4 40.
h4 Qb2+ 41. Kf1 Qa1+ 42. Ke2 Qa6 43. Qc7 Qa2+ 44. Kf1 Qa1+ 45. Ke2 Qb2+ 46. Kf1
Qd4 47. Ke2 Qb2+ 48. Kf1 1/2-1/2

[Event "×ÐÊ ñðåäè ìóæ÷èí"]
[Site "?"]
[Date "2014.05.08"]
[Round "6"]
[White "Egorov, Evgeny"]
[Black "Gurkin, Anton"]
[Result "1-0"]
[WhiteElo "2357"]
[BlackElo "2206"]
[PlyCount "69"]

1. Nf3 f5 2. c4 Nf6 3. g3 e6 4. Bg2 Be7 5. O-O O-O 6. d4 d5 7. Nc3 c6 8. Bf4
Ne4 9. Qc2 Nd7 10. Rad1 g5 11. Bc1 Rb8 12. a3 b5 13. Nxe4 fxe4 14. Ne5 Nxe5 15.
dxe5 Qe8 16. cxd5 cxd5 17. Be3 a5 18. Qc7 Ra8 19. f3 exf3 20. Rxf3 Rxf3 21.
Bxf3 Ra6 22. Rc1 Bd7 23. Bh5 Qd8 24. Qb7 Ra8 25. Bb6 Qb8 26. Qxb8+ Rxb8 27.
Bxa5 Kg7 28. Rc7 Kh6 29. Bg4 Bd8 30. Rxd7 Bxa5 31. Bxe6 Kg6 32. g4 Rh8 33. Bf5+
Kh6 34. Kg2 b4 35. Rxd5 1-0

[Event "×ÐÊ ñðåäè ìóæ÷èí"]
[Site "?"]
[Date "2014.05.08"]
[Round "6"]
[White "Ismagambetov, Anuar"]
[Black "Kuderinov, Kirill"]
[Result "1/2-1/2"]
[WhiteElo "2508"]
[BlackElo "2442"]
[PlyCount "92"]

1. e4 c5 2. Nf3 d6 3. Bb5+ Nc6 4. O-O Bd7 5. Re1 Nf6 6. c3 a6 7. Bf1 Bg4 8. h3
Bxf3 9. Qxf3 g6 10. Qd1 Qb6 11. Na3 Bg7 12. d3 O-O 13. Nc4 Qd8 14. g3 b5 15.
Ne3 Nd7 16. Bg2 Rc8 17. f4 e6 18. Bd2 Nb6 19. Qf3 Na4 20. Nd1 b4 21. Rc1 a5 22.
Kh1 Ne7 23. Qf2 Nc6 24. h4 Qd7 25. g4 Rb8 26. Be3 bxc3 27. bxc3 d5 28. e5 Rfc8
29. Qc2 Ne7 30. c4 f6 31. Bd2 fxe5 32. fxe5 dxc4 33. Qxc4 Nb6 34. Qe4 Nbd5 35.
Bg5 Rb4 36. Rc4 Rf8 37. Bd2 Rxc4 38. dxc4 Nb4 39. Bxb4 axb4 40. Nb2 Qd2 41. Nd3
Qxa2 42. Nxc5 Qf2 43. Nxe6 Qxh4+ 44. Kg1 Qf2+ 45. Kh1 Qh4+ 46. Kg1 Qf2+ 1/2-1/2

[Event "×ÐÊ ñðåäè ìóæ÷èí"]
[Site "?"]
[Date "2014.05.08"]
[Round "6"]
[White "Makhnyov, Denis"]
[Black "Kostenko, Petr"]
[Result "1-0"]
[WhiteElo "2187"]
[BlackElo "2507"]
[PlyCount "101"]

1. d4 Nf6 2. c4 e6 3. Nf3 b6 4. g3 Ba6 5. b3 Bb7 6. Bg2 Bb4+ 7. Bd2 a5 8. O-O
O-O 9. Qc2 h6 10. Rd1 Re8 11. Nc3 d6 12. a3 Bxc3 13. Bxc3 Nbd7 14. Nd2 Bxg2 15.
Kxg2 Qb8 16. e4 Qb7 17. Kg1 e5 18. d5 c6 19. dxc6 Qxc6 20. a4 Nc5 21. f3 Nh7
22. Rf1 Ng5 23. Rad1 Nge6 24. Rf2 Nd4 25. Bxd4 exd4 26. Nf1 d3 27. Rxd3 Nxd3
28. Qxd3 f5 29. exf5 d5 30. cxd5 Rad8 31. Rd2 Qc5+ 32. Kg2 Rd6 33. f4 Re1 34.
Qf3 Rd8 35. f6 gxf6 36. Qg4+ Kh8 37. Qg6 Qf8 38. Kf2 Rc1 39. Ne3 Qg7 40. Qh5
Kh7 41. Nc4 Rc3 42. d6 Rxb3 43. Re2 Rb4 44. Re7 Rxc4 45. Qf5+ Kh8 46. Rxg7 Kxg7
47. Qe6 Rc2+ 48. Kf3 Rf8 49. d7 Rd2 50. Qe7+ Kg8 51. Kg4 1-0

[Event "×ÐÊ ñðåäè ìóæ÷èí"]
[Site "?"]
[Date "2014.05.08"]
[Round "6"]
[White "Aitbayev, Aslan"]
[Black "Kozganbay, Erkin"]
[Result "1-0"]
[WhiteElo "2420"]
[BlackElo "2362"]
[PlyCount "51"]

1. e4 c5 2. Nf3 Nc6 3. d4 cxd4 4. Nxd4 Qb6 5. Nb3 Nf6 6. Nc3 e6 7. Bd3 a6 8.
Qe2 Qc7 9. f4 d6 10. O-O b5 11. Bd2 Be7 12. Kh1 O-O 13. Rae1 b4 14. Nd1 a5 15.
e5 dxe5 16. fxe5 Ne8 17. Qe4 g6 18. Bh6 Ng7 19. Nf2 Rd8 20. Bxg7 Kxg7 21. Ng4
Bg5 22. h4 Bxh4 23. Qf4 Qe7 24. Be4 Bb7 25. Nc5 Qxc5 26. Qh6+ 1-0

[Event "×ÐÊ ñðåäè ìóæ÷èí"]
[Site "?"]
[Date "2014.05.09"]
[Round "7"]
[White "Kostenko, Petr"]
[Black "Aitbayev, Aslan"]
[Result "0-1"]
[WhiteElo "2507"]
[BlackElo "2420"]
[PlyCount "74"]

1. c4 c6 2. Nf3 d5 3. g3 Bg4 4. Bg2 e6 5. b3 Nf6 6. Bb2 Nbd7 7. O-O Bd6 8. d4
O-O 9. Nbd2 Qe7 10. Re1 Ba3 11. Qc1 Bxb2 12. Qxb2 a5 13. Rac1 h6 14. Nh4 Rfe8
15. h3 Bh5 16. g4 Ne4 17. cxd5 cxd5 18. Rc7 Qxh4 19. Nxe4 dxe4 20. Rxd7 Bg6 21.
Rxb7 e3 22. Rf1 Rac8 23. Qa1 exf2+ 24. Rxf2 Qg5 25. Kh2 Rc1 26. Qb2 Rc2 27. Qa1
Rc1 28. Qb2 Qe3 29. Rf3 Qg1+ 30. Kg3 Rc2 31. Rfxf7 Rxb2 32. Rxg7+ Kh8 33. Rxg6
Qe3+ 34. Bf3 Rg8 35. Rf6 Rxe2 36. Rff7 Qf2+ 37. Kf4 Qh2# 0-1

[Event "×ÐÊ ñðåäè ìóæ÷èí"]
[Site "?"]
[Date "2014.05.09"]
[Round "7"]
[White "Gurkin, Anton"]
[Black "Khusnutdinov, Rustam"]
[Result "0-1"]
[WhiteElo "2206"]
[BlackElo "2495"]
[PlyCount "42"]

1. e4 c5 2. a3 g6 3. b4 Bg7 4. Nc3 d6 5. Nf3 Nf6 6. Bb5+ Nbd7 7. bxc5 O-O 8.
cxd6 exd6 9. O-O Nc5 10. e5 dxe5 11. Nxe5 Nfe4 12. Nxe4 Nxe4 13. Bb2 Bxe5 14.
Bxe5 Qd5 15. d4 Qxb5 16. Qf3 Qc6 17. Rfe1 Nc3 18. d5 Nxd5 19. Rad1 Be6 20. c4
Qxc4 21. Rxd5 f6 0-1

[Event "×ÐÊ ñðåäè ìóæ÷èí"]
[Site "?"]
[Date "2014.05.09"]
[Round "7"]
[White "Kazhgaleyev, Murtas"]
[Black "Makhnyov, Denis"]
[Result "1-0"]
[WhiteElo "2570"]
[BlackElo "2187"]
[PlyCount "42"]

1. d4 d5 2. c4 Nc6 3. Nf3 Bg4 4. cxd5 Bxf3 5. dxc6 Bxc6 6. Nc3 e6 7. e4 Bb4 8.
f3 Qh4+ 9. g3 Qh5 10. Be3 O-O-O 11. Bc4 Kb8 12. O-O Bc5 13. Qd2 Nf6 14. Qf2 Be7
15. Rfd1 b6 16. a4 a5 17. Rac1 Bb7 18. Nb5 Nd7 19. Nxc7 e5 20. Nd5 Bxd5 21.
Bxd5 exd4 1-0

[Event "×ÐÊ ñðåäè ìóæ÷èí"]
[Site "?"]
[Date "2014.05.09"]
[Round "7"]
[White "Kuderinov, Kirill"]
[Black "Akhmetov, Ayan"]
[Result "1-0"]
[WhiteElo "2442"]
[BlackElo "2386"]
[PlyCount "75"]

1. e4 e6 2. d4 d5 3. Nd2 Nc6 4. Ngf3 Nf6 5. e5 Nd7 6. c4 dxc4 7. Bxc4 Nb6 8.
Bd3 Nxd4 9. O-O Nxf3+ 10. Qxf3 Nd5 11. Ne4 h6 12. Rd1 Bd7 13. Bc4 Nb6 14. Bb3
Qe7 15. a4 Bc6 16. a5 Nd7 17. a6 Nxe5 18. Qc3 Qb4 19. axb7 Rb8 20. Qxe5 Qxe4
21. Qxe4 Bxe4 22. Ba4+ Ke7 23. Rd7+ Kf6 24. Bd2 Bc5 25. Bc3+ Kg6 26. Re1 Bf5
27. Rxc7 Bb6 28. Rd7 e5 29. Rd6+ f6 30. Bc6 Bc7 31. Rdd1 Rhd8 32. Bb4 Kf7 33.
Bc5 Bb6 34. Rxd8 Rxd8 35. Bxb6 axb6 36. g4 Bxg4 37. Ra1 Bh3 38. f3 1-0

[Event "×ÐÊ ñðåäè ìóæ÷èí"]
[Site "?"]
[Date "2014.05.09"]
[Round "7"]
[White "Jumabayev, Rinat"]
[Black "Ismagambetov, Anuar"]
[Result "1-0"]
[WhiteElo "2561"]
[BlackElo "2508"]
[Annotator ",immortal223"]
[PlyCount "99"]

1. c4 f5 2. g3 g6 3. d4 Bg7 4. Bg2 Nf6 5. Nc3 O-O 6. Nh3 d6 7. d5 Nbd7 8. O-O
Ne5 9. Qb3 Nfd7 10. Nf4 Nb6 $6 ({ÍÓ âîò ïî~~åìó íå òàêîé åñòåñòâåííûé õîä!} 
10... Nc5 $1) 11. c5 dxc5 12. Rd1 $5 (12. d6+ $1 {Áûëî áû åù, èíòåðåñíåå..})
12... c4 13. Qc2 Qe8 14. a4 Bd7 15. Ne6 Bxe6 16. dxe6 c6 17. h3 g5 $4 {
Âîò è âñ,! Âñ, îäíèì õîäîì :(  Âñïîìíèëîñü îäíî èçðå~~åíèå : << Èç-çàíåçàáèòîãî
ãâîçäÿ ïîòåðÿëè ïîäêîâó,  Èç-çà ïîòåðÿííîé ïîäêîâû ïîòåðÿëè ëîøàäü,  Èç-çà
ïîòåðÿííîé ëîøàäè ãîíåö íå äîñòàâèë ïîñëàíèå,  Èç-çà íåäîñòàâëåííîãî ïîñëàíèÿ
ïðîèãðàëè âîéíó/\ >>} (17... a5 $1) 18. Bxg5 Nc8 19. a5 Nd6 20. Na4 Rd8 21. Nc5
Kh8 22. Bf4 Rg8 23. a6 bxa6 24. Rxa6 Rb8 25. Na4 Qc8 26. Rxa7 Qxe6 27. Nc5 Qf6
28. Kf1 Rb5 29. Na4 Rc8 30. Qd2 Nef7 31. h4 h6 32. Ra6 e5 33. Be3 f4 34. gxf4
Nf5 35. Nc3 Rd8 36. Qc1 Rxd1+ 37. Nxd1 Nxh4 38. Bxc6 Rb8 39. Qxc4 Qf5 40. Ra8
Rxa8 41. Bxa8 Nd6 42. Qd5 Qh3+ 43. Ke1 exf4 44. Qxd6 fxe3 45. Qd8+ Kh7 46. Be4+
Ng6 47. Nxe3 Bxb2 48. Qe7+ Bg7 49. Qf7 Qh5 50. Nf5 1-0

[Event "×ÐÊ ñðåäè ìóæ÷èí"]
[Site "?"]
[Date "2014.05.09"]
[Round "7"]
[White "Kozganbay, Erkin"]
[Black "Egorov, Evgeny"]
[Result "1-0"]
[WhiteElo "2362"]
[BlackElo "2357"]
[PlyCount "162"]

1. e4 e5 2. Nf3 Nc6 3. Nc3 Nf6 4. g3 d5 5. exd5 Nxd5 6. Bg2 Nde7 7. O-O g6 8.
d4 exd4 9. Nb5 a6 10. Nbxd4 Nxd4 11. Nxd4 Bg7 12. Nb3 Qxd1 13. Rxd1 O-O 14. c3
c6 15. Bg5 Nd5 16. Bxd5 cxd5 17. Rxd5 Be6 18. Rd2 Rfc8 19. f3 b5 20. Be7 h5 21.
Nc5 Bh6 22. f4 Bf5 23. a4 bxa4 24. Rxa4 a5 25. Nb3 Re8 26. Bf6 Re6 27. Rxa5 Rb8
28. Rb5 Ra8 29. Be5 f6 30. Bc7 Bf8 31. Nd4 Re7 32. Nxf5 Rxc7 33. Nd4 Kf7 34.
Kg2 Ra2 35. Re2 Rd7 36. Kf3 Ra1 37. Nb3 Rf1+ 38. Kg2 Rfd1 39. Nd4 Be7 40. Rc2
Rc7 41. Nf3 Rb1 42. Rd5 Rb7 43. Rdd2 Rc7 44. Re2 Bc5 45. Re1 Rxe1 46. Nxe1 g5
47. fxg5 fxg5 48. Nd3 Ba7 49. Kf3 Ke6 50. Re2+ Kd5 51. Re5+ Kc4 52. Ke2 Rd7 53.
Ne1 Rf7 54. Nd3 Rd7 55. Re4+ Kd5 56. Ra4 Re7+ 57. Kd2 Be3+ 58. Kd1 Bb6 59. c4+
Kd6 60. Nb4 Kc5 61. Nd5 Rf7 62. Nxb6 Kxb6 63. Ke2 Kc5 64. b3 Kd4 65. Ra5 g4 66.
Rxh5 Ra7 67. Rd5+ Ke4 68. Rd2 Rb7 69. c5 Rxb3 70. Rc2 Re3+ 71. Kf2 Rf3+ 72. Kg2
Ke5 73. Rc1 Rf7 74. c6 Rc7 75. Rc5+ Ke4 76. Rg5 Rxc6 77. Rxg4+ Kf5 78. Rf4+ Kg6
79. h4 Kh5 80. Rf5+ Kg6 81. Ra5 Rc4 1-0

[Event "×ÐÊ ñðåäè ìóæ÷èí"]
[Site "?"]
[Date "2014.05.10"]
[Round "8"]
[White "Jumabayev, Rinat"]
[Black "Gurkin, Anton"]
[Result "1-0"]
[WhiteElo "2561"]
[BlackElo "2206"]
[PlyCount "107"]

1. c4 e6 2. g3 d5 3. Bg2 c6 4. Nf3 Bd6 5. O-O Qe7 6. Qc2 Nd7 7. Nc3 Ngf6 8. b3
O-O 9. d4 b6 10. e4 dxe4 11. Nxe4 Nxe4 12. Qxe4 Bb7 13. Re1 Rfe8 14. Bb2 Ba3
15. Bc3 Bb4 16. Bxb4 Qxb4 17. Qc2 Rad8 18. Rac1 h6 19. c5 Nf6 20. a3 Qa5 21. b4
Qa6 22. Qb2 Qa4 23. Ne5 Nd5 24. Nc4 Ba6 25. Nd6 Rf8 26. Be4 Bb5 27. Bc2 Qa6 28.
Qb3 Rxd6 29. cxd6 Rd8 30. f4 Bc4 31. Qf3 Rxd6 32. f5 Nf6 33. fxe6 Bxe6 34. Bd3
b5 35. Bf1 Qb6 36. Rc5 Qd8 37. Qc3 Bd5 38. Qc2 Qd7 39. Bxb5 Qg4 40. Bxc6 Qxd4+
41. Kf1 Be6 42. Qc3 Bh3+ 43. Bg2 Qg4 44. Bxh3 Qxh3+ 45. Kg1 Qg4 46. Rc4 Qd7 47.
Rc8+ Kh7 48. Qc2+ g6 49. Rc7 Qg4 50. Rxf7+ Kg8 51. Rxa7 Nd7 52. Ra8+ Kg7 53.
Qc3+ Kf7 54. Rf1+ 1-0

[Event "×ÐÊ ñðåäè ìóæ÷èí"]
[Site "?"]
[Date "2014.05.10"]
[Round "8"]
[White "Aitbayev, Aslan"]
[Black "Kazhgaleyev, Murtas"]
[Result "0-1"]
[WhiteElo "2420"]
[BlackElo "2570"]
[PlyCount "136"]

1. e4 e5 2. Nf3 Nc6 3. Bb5 a6 4. Ba4 Nf6 5. O-O Be7 6. Bxc6 dxc6 7. d3 Nd7 8.
Nbd2 O-O 9. b3 f6 10. Bb2 Rf7 11. Nh4 Nc5 12. Nf5 Ne6 13. Nxe7+ Qxe7 14. g3 Bd7
15. Nc4 c5 16. f4 exf4 17. gxf4 f5 18. Ne5 Rff8 19. Qf3 Rae8 20. exf5 Rxf5 21.
Nxd7 Qxd7 22. Be5 c6 23. Rae1 Nxf4 24. Bxf4 Qd4+ 25. Kg2 Rxe1 26. Rxe1 Rxf4 27.
Qe2 h6 28. h3 Rf6 29. Qe8+ Rf8 30. Qe3 Qd5+ 31. Qe4 Qg5+ 32. Qg4 Qd2+ 33. Qe2
Qc3 34. Rf1 Rxf1 35. Kxf1 Qf6+ 36. Kg2 Kf7 37. a4 a5 38. Qe1 b6 39. Qe2 Qg5+
40. Kh2 Qf4+ 41. Kg2 Qf5 42. Qe1 Kf6 43. Qe2 Qf4 44. Qe8 Qg5+ 45. Kh1 Qc1+ 46.
Kg2 Qxc2+ 47. Kh1 Qc1+ 48. Kh2 Qf4+ 49. Kg2 Qf5 50. Kh1 Qd5+ 51. Kg1 h5 52. Qb8
Qxd3 53. Qxb6 Qg3+ 54. Kf1 Qxh3+ 55. Kf2 Qh4+ 56. Kg2 Qe4+ 57. Kh2 Qe2+ 58. Kg3
Kf5 59. Qxc6 h4+ 60. Kh3 Qe3+ 61. Kh2 Qe5+ 62. Kg2 Qd4 63. Kh2 g5 64. Qc8+ Kf4
65. Qf8+ Kg4 66. Qc8+ Kf3 67. Qh3+ Ke2 68. Qe6+ Kf2 0-1

[Event "×ÐÊ ñðåäè ìóæ÷èí"]
[Site "?"]
[Date "2014.05.10"]
[Round "8"]
[White "Khusnutdinov, Rustam"]
[Black "Kozganbay, Erkin"]
[Result "1/2-1/2"]
[WhiteElo "2495"]
[BlackElo "2362"]
[PlyCount "73"]

1. d4 d6 2. e4 Nf6 3. Nc3 e5 4. Nf3 Nbd7 5. Bc4 Be7 6. O-O O-O 7. Re1 a6 8. a4
b6 9. b3 c6 10. Bb2 Qc7 11. Bd3 Re8 12. Ne2 Bf8 13. Ng3 Bb7 14. Qd2 g6 15. c4
exd4 16. Nxd4 d5 17. cxd5 cxd5 18. Rac1 Qd8 19. Nc6 Bxc6 20. Rxc6 Ne5 21. Bxe5
Rxe5 22. Qc3 Nd7 23. exd5 Bg7 24. Qc1 Rxe1+ 25. Qxe1 Ne5 26. Rc3 Qxd5 27. Be4
Qe6 28. Qd1 Re8 29. Rc7 h5 30. h3 Bf6 31. Qd5 h4 32. Ne2 Qxd5 33. Bxd5 Rd8 34.
Nc3 Rd7 35. Rxd7 Nxd7 36. Ne4 Be7 37. Kf1 1/2-1/2

[Event "×ÐÊ ñðåäè ìóæ÷èí"]
[Site "?"]
[Date "2014.05.10"]
[Round "8"]
[White "Ismagambetov, Anuar"]
[Black "Akhmetov, Ayan"]
[Result "1-0"]
[WhiteElo "2508"]
[BlackElo "2386"]
[PlyCount "87"]

1. e4 d6 2. d4 Nf6 3. Nc3 e5 4. Nf3 Nbd7 5. Bc4 Be7 6. O-O O-O 7. Re1 c6 8. a4
a5 9. h3 h6 10. Ba2 Re8 11. Qd3 exd4 12. Nxd4 Ne5 13. Qd1 Qb6 14. f4 Ned7 15.
Be3 Qb4 16. Bf2 Bf8 17. Qf3 Nc5 18. e5 Nh7 19. exd6 Ne6 20. Nf5 Bxd6 21. Nxd6
Qxd6 22. Rad1 Qf8 23. f5 Neg5 24. Qf4 Rxe1+ 25. Rxe1 Nf6 26. h4 Ngh7 27. g4 Qb4
28. Ne4 Bd7 29. Nxf6+ Nxf6 30. Qxb4 axb4 31. Re7 Be8 32. g5 hxg5 33. hxg5 Nd5
34. Rxb7 Kh7 35. Bb3 Ra5 36. Kf1 f6 37. Bxd5 Rxd5 38. Re7 Bd7 39. gxf6 Bxf5 40.
f7 Bh3+ 41. Kg1 Rg5+ 42. Kh2 Rg2+ 43. Kxh3 Rxf2 44. a5 1-0

[Event "×ÐÊ ñðåäè ìóæ÷èí"]
[Site "?"]
[Date "2014.05.10"]
[Round "8"]
[White "Egorov, Evgeny"]
[Black "Kostenko, Petr"]
[Result "1-0"]
[WhiteElo "2357"]
[BlackElo "2507"]
[PlyCount "71"]

1. Nf3 d5 2. d4 Nf6 3. c4 e6 4. e3 a6 5. a3 dxc4 6. Bxc4 c5 7. dxc5 Qxd1+ 8.
Kxd1 Bxc5 9. Ke2 Be7 10. Rd1 Nbd7 11. Nc3 b5 12. Bd3 Bb7 13. Bd2 Rg8 14. a4 b4
15. Na2 Rb8 16. Rac1 g5 17. Nd4 b3 18. Nb4 Nc5 19. Nbc6 Nxd3 20. Kxd3 Rc8 21.
f3 Bxc6 22. Rxc6 Rxc6 23. Nxc6 Bd6 24. Bc3 Nd5 25. e4 Ne7 26. Kc4 Bc7 27. Kc5
Ng6 28. Bf6 h6 29. h3 h5 30. g4 hxg4 31. hxg4 e5 32. Kc4 Nh4 33. Ne7 Rf8 34.
Nf5 Nxf5 35. exf5 Rg8 36. Kc5 1-0

[Event "×ÐÊ ñðåäè ìóæ÷èí"]
[Site "?"]
[Date "2014.05.10"]
[Round "8"]
[White "Makhnyov, Denis"]
[Black "Kuderinov, Kirill"]
[Result "0-1"]
[WhiteElo "2187"]
[BlackElo "2442"]
[PlyCount "56"]

1. d4 Nf6 2. c4 g6 3. Nc3 Bg7 4. e4 d6 5. f3 O-O 6. Be3 c5 7. d5 e6 8. Qd2 exd5
9. cxd5 a6 10. a4 Nbd7 11. Nh3 Ne5 12. Nf2 Bd7 13. h3 b5 14. f4 Nc4 15. Bxc4
bxc4 16. O-O Re8 17. g4 Rb8 18. e5 dxe5 19. fxe5 Rxe5 20. Bf4 Ne8 21. Bxe5 Bxe5
22. Rae1 Bd4 23. Kg2 Nf6 24. Nfe4 Nxd5 25. Nxd5 Rxb2 26. Nef6+ Kg7 27. Qxb2
Bxb2 28. Re7 Bxf6 0-1

[Event "×ÐÊ ñðåäè ìóæ÷èí"]
[Site "?"]
[Date "2014.05.11"]
[Round "9"]
[White "Kozganbay, Erkin"]
[Black "Jumabayev, Rinat"]
[Result "0-1"]
[WhiteElo "2362"]
[BlackElo "2561"]
[Annotator ",immortal223"]
[PlyCount "130"]

1. e4 e5 2. Nf3 Nc6 3. Nc3 Nf6 4. g3 Bc5 5. Bg2 d6 6. O-O O-O 7. d3 h6 8. Na4
Bb6 9. Nxb6 axb6 10. Re1 Re8 11. h3 d5 12. exd5 Nxd5 13. b3 Bf5 14. Bb2 Qd6 15.
a3 Rad8 16. Qd2 Bg6 17. d4 e4 18. Ne5 f5 19. Rad1 Nxe5 20. dxe5 Qf8 21. Qe2 c6
22. a4 Qf7 23. Rd2 Bh5 24. Qc4 Kh8 25. Kh2 Qe7 26. Bd4 Qg5 27. Bc3 b5 28. axb5
cxb5 29. Qc5 b6 30. Qxd5 Rxd5 31. Rxd5 Rc8 32. Bd2 Qe7 33. Rxb5 Rxc2 34. Be3
Be2 35. Rxb6 Qxe5 36. Rc1 Rxc1 37. Bxc1 Kh7 38. h4 Qe7 39. Bh3 Qf7 40. Be3 Bf3
41. Rb5 g6 42. Bf1 Qd7 43. Rc5 g5 44. Bh3 Kg6 45. hxg5 hxg5 46. b4 Qd1 47. Rc6+
Kf7 48. Rc1 Qd8 49. Rc5 f4 50. gxf4 $4 g4 51. Rf5+ Ke6 52. Re5+ Kf7 53. Rf5+
Ke6 54. Re5+ Kd6 55. Bc5+ Kc7 56. Re7+ Kb8 57. Bg2 g3+ $3 {È âîò òóò , ÿ
ïîòåðÿë äàð ðå~~è! Ñòîÿë è íå çíàë íà êîãî ñìîòðåòü , íà äîñêó èëè íà
ïå~~àëüíîãî Åðêûíà..} 58. fxg3 Qd2 59. Kh3 Qxg2+ 60. Kh4 Qh2+ 61. Kg5 Qxg3+ 62.
Kf6 Qxf4+ 63. Ke6 Qh6+ 64. Kd7 Bg4+ 65. Ke8 Qg6+ 0-1

[Event "×ÐÊ ñðåäè ìóæ÷èí"]
[Site "?"]
[Date "2014.05.11"]
[Round "9"]
[White "Kuderinov, Kirill"]
[Black "Aitbayev, Aslan"]
[Result "1-0"]
[WhiteElo "2442"]
[BlackElo "2420"]
[PlyCount "135"]

1. d4 d5 2. Nf3 Nf6 3. c4 c6 4. Qb3 dxc4 5. Qxc4 Bf5 6. Nc3 e6 7. g3 Be7 8. Bg2
Nbd7 9. O-O O-O 10. Bg5 Rc8 11. Qb3 b5 12. Ne5 Nxe5 13. dxe5 Ng4 14. Rad1 Qc7
15. Bf4 g5 16. Bc1 Nxe5 17. Ne4 h6 18. f4 Nc4 19. Qc3 Bxe4 20. Bxe4 f5 21. Bg2
Bf6 22. Qc2 Qg7 23. b3 Nb6 24. e4 Bd4+ 25. Kh1 g4 26. Qd3 Rcd8 27. exf5 exf5
28. Bxc6 b4 29. Qb5 Qf6 30. Bg2 Bc3 31. Be3 Bd4 32. Bxd4 Rxd4 33. Rc1 Rd2 34.
Rc6 Rd6 35. Rc7 Rf7 36. Rxf7 Kxf7 37. Qxb4 h5 38. Qb5 a6 39. Qxa6 h4 40. gxh4
Qxh4 41. Qb7+ Kg6 42. Qc7 Re6 43. Qc3 Nd7 44. Qc8 Qe7 45. Qg8+ Kh6 46. a4 Nf8
47. a5 Ng6 48. Qc8 Re1 49. Qc4 Re2 50. a6 Rb2 51. Qd4 Rxg2 52. Kxg2 Qe2+ 53.
Kg1 Qxa6 54. h3 Qe6 55. hxg4 Qxb3 56. Qf2 Qd3 57. g5+ Kg7 58. Ra1 Qe4 59. Qa7+
Ne7 60. Rf1 Qe2 61. Qf2 Qe4 62. Re1 Qb4 63. Rd1 Kg6 64. Qd4 Qb3 65. Kf2 Qc2+
66. Kg3 Qb3+ 67. Kh4 Qe6 68. Qd6 1-0

[Event "×ÐÊ ñðåäè ìóæ÷èí"]
[Site "?"]
[Date "2014.05.11"]
[Round "9"]
[White "Gurkin, Anton"]
[Black "Ismagambetov, Anuar"]
[Result "0-1"]
[WhiteElo "2206"]
[BlackElo "2508"]
[PlyCount "100"]

1. e4 c5 2. a3 g6 3. b4 Bg7 4. Nc3 d6 5. Nf3 Nc6 6. Rb1 Nf6 7. Bc4 O-O 8. O-O
b6 9. Re1 Nd7 10. Nd5 e6 11. Ne3 Bb7 12. Ba2 Rc8 13. d3 Qe7 14. Bb2 Nd4 15. Nd2
Rfd8 16. Ndf1 Qf8 17. Ng3 Nb5 18. Qd2 cxb4 19. Bxg7 Qxg7 20. axb4 Nc3 21. Ra1
Qd4 22. Bb3 a6 23. Ng4 Kh8 24. Qg5 Qg7 25. h4 h5 26. Nh2 b5 27. Rac1 Re8 28.
Re3 f6 29. Qf4 e5 30. Qf3 Nf8 31. Ne2 f5 32. Nxc3 Rxc3 33. Qd1 f4 34. Re1 Nh7
35. Qd2 Rc7 36. c4 Rce7 37. c5 dxc5 38. bxc5 g5 39. c6 Bc8 40. Nf3 gxh4 41. Kh2
Qg4 42. Qd1 h3 43. Rg1 hxg2 44. Rxg2 Qh3+ 45. Kg1 Bg4 46. Rxg4 hxg4 47. Nh2 g3
48. fxg3 fxg3 49. Nf3 Ng5 50. Rc2 Rh7 0-1

[Event "×ÐÊ ñðåäè ìóæ÷èí"]
[Site "?"]
[Date "2014.05.11"]
[Round "9"]
[White "Kostenko, Petr"]
[Black "Khusnutdinov, Rustam"]
[Result "1/2-1/2"]
[WhiteElo "2507"]
[BlackElo "2495"]
[PlyCount "102"]

1. c4 e5 2. g3 Nf6 3. Bg2 Bc5 4. Nc3 Nc6 5. a3 a6 6. e3 d6 7. Nge2 Ba7 8. d3
O-O 9. O-O Ne7 10. d4 c6 11. b3 Be6 12. a4 Qc7 13. Ba3 Rad8 14. Qd2 Rfe8 15.
Qb2 Nf5 16. d5 Bd7 17. Ne4 Nxe4 18. Bxe4 Ne7 19. dxc6 bxc6 20. Qc2 h6 21. Rfd1
Be6 22. Rd2 Rd7 23. Rad1 Red8 24. b4 Qb8 25. b5 cxb5 26. cxb5 axb5 27. Rb1 d5
28. Rxb5 Qc8 29. Bxe7 Qxc2 30. Bxc2 Rxe7 31. Bb3 Red7 32. Kg2 Kf8 33. Nc1 Rb8
34. Nd3 Rxb5 35. axb5 Rb7 36. Nxe5 Rxb5 37. Ba4 Ra5 38. Bb3 Rb5 39. Ba2 Bc5 40.
Nf3 Ba3 41. Rd3 Be7 42. Rd2 Ba3 43. Ne5 Ke7 44. h3 Rb2 45. Rxb2 Bxb2 46. Nd3
Bf6 47. g4 Kd6 48. Nf4 Be5 49. Kf3 Bxf4 50. Kxf4 g5+ 51. Kg3 d4 1/2-1/2

[Event "×ÐÊ ñðåäè ìóæ÷èí"]
[Site "?"]
[Date "2014.05.11"]
[Round "9"]
[White "Kazhgaleyev, Murtas"]
[Black "Egorov, Evgeny"]
[Result "1-0"]
[WhiteElo "2570"]
[BlackElo "2357"]
[PlyCount "83"]

1. e4 e5 2. Bc4 Nf6 3. d3 Nc6 4. Nf3 Bc5 5. c3 Bb6 6. Bg5 d6 7. Nbd2 h6 8. Bh4
Be6 9. Bb5 Bd7 10. Qe2 g5 11. Bg3 h5 12. h4 g4 13. Ng5 Ng8 14. Bc4 Nh6 15. f4
Qe7 16. f5 Nd8 17. a4 a5 18. Bf2 Bxf2+ 19. Qxf2 f6 20. Qe3 c6 21. O-O-O d5 22.
Bb3 b5 23. Ne6 Nxe6 24. fxe6 Bxe6 25. d4 Nf7 26. Rhf1 O-O 27. Bc2 bxa4 28. Bxa4
Rab8 29. exd5 cxd5 30. Rde1 Rfc8 31. Bc2 a4 32. dxe5 Nxe5 33. Qh6 Rxb2 34. Rxf6
Rxc2+ 35. Kxc2 Rxc3+ 36. Kd1 Rc1+ 37. Kxc1 Nd3+ 38. Kd1 Nb2+ 39. Ke2 Bd7+ 40.
Kf1 Bb5+ 41. Kg1 Qxe1+ 42. Nf1 1-0